| 000 | 00964nam a2200265 4500 | ||
|---|---|---|---|
| 001 | 148734 | ||
| 003 | ES-MaACL | ||
| 005 | 20251002195933.0 | ||
| 007 | t| | ||
| 008 | 070214s1976 fr r ||||1| spa d | ||
| 100 | 1 |
_aSuárez, Ángel, _d1933-1993 _9171733 |
|
| 245 | 1 | 0 |
_aLibro blanco sobre las cárceles franquistas, 1939-1976 / _cÁngel Suárez, Colectivo 36. |
| 250 | _a1 ª ed. | ||
| 260 |
_aParis : _bRuedo Ibérico, _c1976. |
||
| 300 |
_aVII, 312 p., [16] p. de lám. : _bil. ; _c24 cm. |
||
| 504 | _aBibliografía: p. [310]-312. | ||
| 593 | _aÁngel Suárez es seudónimo de Luciano Rincón Vega. | ||
| 650 | 4 |
_aEstablecimientos penitenciarios- _zEspaña- _y1939-1975. _912515 |
|
| 650 | 4 |
_aPresos políticos- _zEspaña- _y1939-1975. _916394 |
|
| 700 | 1 |
_aRincón, Luciano, _d1933-1993 _9171727 |
|
| 710 | 2 |
_aColectivo 36. _9171728 |
|
| 710 | 2 |
_aÉditions Ruedo ibérico. _9145333 |
|
| 852 |
_aES-MaACL _jL-3074 |
||
| 999 |
_c148734 _d148734 |
||